00810cam a22002531 4500001001300000003000400013005001700017008004100034010001700075035002000092040001900112042001200131050001700143060002300160060002000183100003200203245012300235260003400358300002200392500003600414504005200450500003900502999001500541af 47006285 DLC20260227110836.0810920s1945 xx 000 0 fre  aaf 47006285  a(OCoLC)14751733 aDLCcDNLMdDLC apremarc00aRD131b.G48400aWO 700bG493p 194500aFilm 4106 no. 41 aGinsbourg, Benjamin,d1897-14aLes plaies septiques; bactériologie, sérothérapie, chimiothérapie.cPréface du médecin-colonel Raymond ... aParis,bLe Françoisc[1945] a139, [1] p.bill. aAt head of title: B. Ginsbourg. a"Index bibliographique sommaire": p. [137]-139. aMicrofilmed for preservation5DNLM c3481d3481